00510nam a2200193Ia 4500003000900000008004100009040001300050040001300063041000800076100002000084245014300104250000900247260001600256260000900272300001100281300001000292490000600302710000800308IT-RoPAU120407s9999 xx 000 0 und d aIT-RoPAU cIT-RoPAU aita aAlberto Ablondi a"Integralità dell’educazione e diritto allo spirituale. Persone handicappate mentali. Quale catechesi? Convegno 3-5 maggio in Milano." aRoma aNuov. Fron. c1991 a223 p. c24 cm v1 aEtc